Kontexty Peter Karvaš

Bibliographic Details
Main Author: Panáčková, Lucia, 1993- (Author)
Format: Book
Language:Slovak
PhysicalDescription:32 strán faksimile, fotografie, ilustrácie, portréty 30 cm
Published: Banská Bystrica Štátna vedecká knižnica v Banskej Bystrici 2020
ISBN:9788089388967
Edition:Vydanie: prvé
Subjects:

MARC

LEADER 00000nam a2200000 4500
001 vtls012024856
003 SK-MaSNL
005 20260425225348.0
008 230501s2020 xo haocg hn 000 0bslo
015 |a SNBA2021/07 
020 |a 9788089388967  |q (viazané) 
035 |a urn:nbn:sk:snk-am00ic6c 
035 |a B8C788B9-33F4-40FF-9822-AC1068174D91 
040 |a SNK  |b slo  |c SNK  |e rda 
041 0 |a slo 
043 |a e-xo--- 
044 |a xo  |c SK 
072 7 |a 929  |x Biografie  |2 konspekt 
072 7 |a 821.162.4.09  |x Slovenská literatúra (o nej)  |2 konspekt 
080 |a 821.162.4-3-051  |2 2011 
080 |a 821.162.4-2-051  |2 2011 
080 |a 792.01/.09.072.2  |2 2011 
080 |a (437.6)  |2 2011 
080 |a (092)  |2 2011 
080 |a (082.2)  |2 2011 
080 |a 929  |2 2011 
100 1 |a Panáčková, Lucia,  |d 1993-  |4 aut  |9 396176 
245 1 0 |a Kontexty  |b Peter Karvaš  |c Lucia Panáčková 
246 3 0 |a Peter Karvaš 
250 |a Vydanie: prvé 
264 1 |a Banská Bystrica  |b Štátna vedecká knižnica v Banskej Bystrici  |c 2020 
300 |a 32 strán  |b faksimile, fotografie, ilustrácie, portréty  |c 30 cm 
336 |a text  |b txt  |2 rdacontent 
337 |a bez média  |b n  |2 rdamedia 
338 |a zväzok  |b nc  |2 rdacarrier 
504 |a Obshauje bibliografiu na strane 31 
600 1 7 |a Karvaš, Peter,  |d 1920-1999  |2 SNKMA  |9 103066 
648 7 |a 20. storočie  |2 SNKPH  |9 278343 
648 7 |a 20th century  |2 SNKPHeng  |9 277995 
650 0 7 |a slovenskí prozaici  |2 SNKPH  |9 120417 
650 0 7 |a slovenskí dramatici  |2 SNKPH  |9 55757 
650 0 7 |a teatrológovia  |2 SNKPH  |9 110466 
650 0 7 |a Slovak prosaists  |2 SNKPHeng  |9 366717 
650 0 7 |a Slovak dramatists  |2 SNKPHeng  |9 325244 
650 0 7 |a Theatrologists  |2 SNKPHeng  |9 396177 
651 7 |a Slovensko  |2 SNKPHgeo  |9 14231 
651 7 |a Slovakia  |2 SNKPHeng  |9 92630 
655 7 |a jubilejné publikácie  |2 SNKPH  |9 70339 
655 7 |a biografie  |2 SNKPH  |9 27965 
655 7 |a Biography  |2 SNKPHeng  |9 266314 
655 7 |a Jubilee books  |2 SNKPHeng  |9 281827 
852 |a Slovenská národná knižnica 
919 |a 978-80-89388-96-7 
954 |a odborná, vedecká literatúra pôvodná (slovenská)  |2 lita 
958 |a NB 
999 |c 646201  |d 648131 
952 |a SNK  |b SNK  |y PREZ  |7 0  |p 17A1451803  |o snkSB 96469  |i snk2021/3377  |8 0  |0 0  |1 0  |4 0  |d 2021-04-26  |f 1  |l 0  |r 2025-05-19 00:00:00  |w 2026-02-23 
952 |a SNK  |b SNK  |y VYP  |7 0  |p 17A1454675  |o snkSB 96469 D1  |i snk2021/6536  |8 3  |g 6.00  |0 0  |1 0  |4 0  |d 2021-06-08  |l 0  |r 2026-02-23 18:07:19  |w 2026-02-23